| 000 | 00414nam a2200145Ia 4500 | ||
|---|---|---|---|
| 008 | 230312s9999||||xx |||||||||||||| ||und|| | ||
| 082 |
_a640.42 _bBRA- D |
||
| 100 | _aBranch Shelly | ||
| 245 | 0 | _aDollar pinching | |
| 260 |
_bWarner Books _aNew York _c1997 |
||
| 300 | _a196 | ||
| 546 | _aEng. | ||
| 650 |
_aArchitecture _vA Tribute to the consumer's might, reap mansion size savingswhen youbuy or sell |
||
| 942 | _cBK | ||
| 999 |
_c1240 _d1240 |
||